| 000 | 00606nam a2200217 a 4500 | ||
|---|---|---|---|
| 001 | 19428 | ||
| 003 | CO-ViMGA | ||
| 008 | 141112s2004 ck r 000 u spa d | ||
| 020 | _a847112212X | ||
| 040 |
_aCO-ViMGA _bspa _cCO-ViMGA |
||
| 082 | 0 | 4 | _a301.1582 L316p |
| 100 | 1 |
_aLe Bon, Gustave _927978 |
|
| 245 | 1 | 0 | _aPsicología de las masas |
| 260 |
_aMadrid : _bMorata; 2000 |
||
| 300 | _a151 p. | ||
| 490 | _aSociología : Demos | ||
| 590 |
_aForma de adquisición : Prooyecto 2005 - - Precio : _45.900 |
||
| 650 | 1 | 4 |
_aCONDUCTA COLECTIVA _927979 |
| 650 | 1 | 4 |
_aPSICOLOGIA SOCIAL _93146 |
| 942 |
_2ddc _cBK |
||
| 999 |
_c28574 _d28574 |
||